|
|
|
|
| LEADER |
02283nem a2200445 a 4500 |
| 001 |
001240035 |
| 003 |
CZ BrMZK |
| 005 |
20160620122518.0 |
| 007 |
aj|canzn |
| 008 |
111208q19381948xr g a 0| cze d |
| 034 |
1 |
|
|a a
|b 400000
|d E0120505
|e E0165249
|f N0510318
|g N0480825
|
| 040 |
|
|
|a BOA001
|b cze
|
| 043 |
|
|
|a e-xr---
|b e-xr-cc
|b e-xr-pg
|b e-xr-li
|2 czenas
|
| 072 |
|
7 |
|a 913(437)
|x Geografie Česka a Slovenska, reálie, cestování
|2 Konspekt
|9 7
|
| 072 |
|
7 |
|a 912
|x Mapy. Atlasy. Glóby
|2 Konspekt
|9 7
|
| 080 |
|
|
|a (437.31)
|2 MRF
|
| 080 |
|
|
|a (437.31-15)
|2 MRF
|
| 080 |
|
|
|a (437.311)
|2 MRF
|
| 080 |
|
|
|a (437.316)
|2 MRF
|
| 080 |
|
|
|a (084.3)32
|2 MRF
|
| 100 |
1 |
|
|a Machát, František,
|d 1876-1935
|7 jk01073000
|4 ctg
|
| 245 |
1 |
0 |
|a Podrobná mapa Čech
|h [kartografický dokument] :
|b hranice z roku 1938 /
|c navrhl a zpracoval Frant. Machát
|
| 255 |
|
|
|a Měřítko 1:400 000
|c (012°05´05" v.d.--016°52´49" v.d./051°03´18" s.š.--048°08´25" s.š.)
|
| 260 |
|
|
|a Na Smíchově :
|b V. Neubert a synové,
|c [mezi 1938 a 1948]
|
| 300 |
|
|
|a 1 mapa :
|b barev. ;
|c 79 x 83 cm, na listu 90 x 94 cm, složeno na 45 x 47 cm
|
| 500 |
|
|
|a Obsahuje tři mapové výřezy
|
| 500 |
|
|
|a Datováno podle deklarovaného stavu hranic a přírůstkového čísla
|
| 505 |
2 |
0 |
|t Hnědouhelná pánev duchcovskomostecký.
|g Měřítko 1:200 000 --
|t Plán Velké Prahy.
|g Měřítko 1:75 000 --
|t Průmyslový okrsek liberecký.
|g Měřítko 1:200 000
|
| 562 |
|
|
|a Razítko: Důvěrné
|5 CZ-BrMZK
|
| 651 |
|
7 |
|a Liberec (Česko : oblast)
|7 ge129801
|2 czenas
|
| 651 |
|
7 |
|a Praha (Česko)
|7 ge118011
|2 czenas
|
| 651 |
|
7 |
|a severočeská hnědouhelná pánev (Česko)
|7 ge440776
|2 czenas
|
| 651 |
|
7 |
|a Čechy (Česko)
|7 ge135869
|2 czenas
|
| 655 |
|
7 |
|a politické a správní mapy
|7 fd133032
|2 czenas
|
| 710 |
2 |
|
|a V. Neubert a synové (firma)
|7 kn20090911002
|
| 856 |
4 |
1 |
|u http://www.digitalniknihovna.cz/mzk/uuid/uuid:842c188d-746b-4350-8c1a-94902530bf4d
|y Digitalizovaný dokument
|z exemplář Moravské zemské knihovny, čárový kód 2619480853
|
| 856 |
4 |
1 |
|u http://www.digitalniknihovna.cz/mzk/uuid/uuid:91bc3046-8f92-407e-88f3-612c69e1d167
|y Digitalizovaný dokument
|z exemplář Moravské zemské knihovny, čárový kód 2619480854
|
| 910 |
|
|
|a BOA001
|b Mpa-0222.476
|
| 990 |
|
|
|a MP
|
| 991 |
|
|
|b 201208
|